| 000 | 00867cab a2200229 4500 | ||
|---|---|---|---|
| 001 | WB3227-40 | ||
| 008 | 090401t1996 xxu||||| |||| 00| 0 eng d | ||
| 035 | _a(Sirsi) u50629 | ||
| 041 | _aeng | ||
| 245 | _aOld mining permission | ||
| 260 | _c1996 | ||
| 350 | _a0 | ||
| 490 |
_aEstates Gazette Case Summaries _v[1996] EGCS 113(1) (6/7/96) |
||
| 520 | _a"Daniel Platt Ltd v SoS Environment and another" CA 19 June 1996. Appeal to overturn QBD decision dismissed. Held old mining permission needed to be registered, 1947 IDO was not enough to authorise continuance of mining operations. | ||
| 650 | _aDANIEL PLATT LTD V SOS ENVIRONMENT AND ANOTHER | ||
| 650 | _aINTERIM DEVELOPMENT ORDER | ||
| 650 | _aOLD MINING PERMISSIONS | ||
| 690 | _aMINING AND MINERALS-CASE LAW | ||
| 690 | _aPLANNING LAW AND PRACTICE-CASE LAW | ||
| 942 | _n0 | ||
| 948 | _c04/03/1997 | ||
| 999 |
_c31592 _d31592 |
||